000 01044nam a22002537a 4500
001 BD-DhSAU 9530
003 BD-DhSAU
005 20260512103600.0
008 260512b2013 bg a||||r|||| 000 0 eng d
040 _aBD-DhSAU
082 _222
_a631.4
_bK9498
100 _aMD. Shamsuzzoha
_eRegistration no. # 09-03285
245 _aEvaluation of the change of soil chemical properties and nutrient accumulation in plants of industrially polluted agricultural land areas /
_bPh.D. Thesis
260 _aSher-e-bangla Agricultural University :
_bDepartment of Soil Science,
_c2024.
300 _axiii, 164 p. :
_bill. ;
_c30 cm.
500 _aPh.D thesis of Department of Soil Science,, Sher-e-bangla Agricultural University; Dhaka, Bangladesh
590 _aNazmul
650 _achange of soil chemical properties
650 _anutrient accumulation
650 _aplants of industrially polluted agricultural land areas
700 _aProf. Asaduzzaman Khan
_eChairman
700 _aProf. Alok Kumer Paul
_eMember
942 _2ddc
_cPHD
999 _c18372
_d18371